000 00605nam a22001577a 4500
005 20251108165405.0
008 250721s1982 xx 000 0 ara d
082 1 4 _aم/923.1565/عبد
245 1 0 _aصور من حياة جلالة المغفور له الملك عبد الله بن الحسين 1299-1371 هـ (1882-1951م) /
264 1 _aعمان :
_bالمجمع الملكي لبحوث الحضارة الإسلامية،
_c1982.
300 _a131ص : مص.
500 _aيتوفر منه نسخة في قاعة المطالعة
650 1 7 _aالملوك
942 _2ddc
_cREF
999 _c26779
_d26779